Teorija verojatnostej i matematičeskaja statistika

Gespeichert in:
Bibliographische Detailangaben
Format: Buch
Sprache:Russisch
Veröffentlicht: Moskva Universitet 1983
Tags: Tag hinzufügen
Keine Tags, Fügen Sie das erste Tag hinzu!

MARC

LEADER 00000nam a2200000 4500
001 c113327
005 20250827092011.9
041 0 |a rus 
044 |a RU 
245 1 0 |a Teorija verojatnostej i matematičeskaja statistika  |c Gennadij Pavlovič Klimov 
264 1 |a Moskva  |b Universitet  |c 1983 
300 |a 328 s.